[Event "Speed Chess (Women) Q2"]
[Site "Chess.com INT"]
[Date "2022.05.26"]
[Round "6"]
[White "Ciuksyte, Dagne"]
[Black "Bach, Ngoc Thuy Duong"]
[Result "1/2-1/2"]
[WhiteElo "2294"]
[BlackElo "2192"]
[PlyCount "172"]
[EventDate "2022.05.26"]
[EventType "swiss (blitz)"]
[EventRounds "14"]
[EventCountry "USA"]
[SourceTitle "CBM 208 Extra"]
[Source "ChessBase"]
[SourceDate "2022.07.31"]
[SourceVersion "1"]
[SourceVersionDate "2022.07.31"]
[SourceQuality "1"]

1. e4 c5 2. Nf3 d6 3. d4 cxd4 4. Nxd4 Nf6 5. Nc3 a6 6. Bc4 e6 7. 0-0 Nc6 8. f4 Qc7 9. Kh1 Be7 10. f5 Nxd4 11. Qxd4 e5 12. Qd3 b5 13. Bb3 Bb7 14. Bg5 Nd7 15. Bxe7 Kxe7 16. Bd5 Nf6 17. Bxb7 Qxb7 18. Rad1 Rhd8 19. Nd5+ Nxd5 20. Qxd5 Qxd5 21. Rxd5 Rac8 22. c3 Rc4 23. Re1 Rdc8 24. a3 R8c5 25. Rxc5 Rxc5 26. Kg1 f6 27. Kf2 d5 28. Ke3 Kd6 29. Rd1 Kc6 30. exd5+ Rxd5 31. Rc1 Rc5 32. b3 Kb6 33. g4 a5 34. h3 a4 35. bxa4 bxa4 36. c4 Kc6 37. Kd3 Ra5 38. Rb1 Ra8 39. Rb4 h6 40. Kc3 Ra5 41. Rb8 Ra7 42. Rb4 Kc5 43. Rb5+ Kc6 44. Rb4 Ra8 45. h4 Ra7 46. Rb5 Rd7 47. g5 e4 48. gxf6 gxf6 49. Rb1 Rd3+ 50. Kb4 e3 51. Re1 Rb3+ 52. Kxa4 Rd3 53. Kb4 Kb6 54. a4 Kc6 55. a5 Kb7 56. Kb5 Rb3+ 57. Kc5 Ra3 58. Kd4 Rxa5 59. c5 Kc6 60. Rxe3 Ra4+ 61. Kc3 Kxc5 62. Re6 Rxh4 63. Rxf6 Rh3+ 64. Kd2 Kd5 65. Rf8 Rf3 66. Ke2 Rf4 67. Ke3 Rf1 68. Ke2 Rf4 69. Ke3 Rf1 70. f6 Ke6 71. f7 Rxf7 72. Rxf7 Kxf7 73. Kf4 Kg6 74. Kg4 h5+ 75. Kh4 Kh6 76. Kh3 Kg6 77. Kh2 Kh6 78. Kh1 Kg5 79. Kh2 Kg4 80. Kh1 h4 81. Kh2 h3 82. Kh1 Kh4 83. Kh2 Kg4 84. Kh1 Kg3 85. Kg1 h2+ 86. Kh1 Kh3 1/2-1/2

[Event "Speed Chess (Women) Q2"]
[Site "Chess.com INT"]
[Date "2022.05.26"]
[Round "7"]
[White "Hajiyeva, Laman"]
[Black "Ciuksyte, Dagne"]
[Result "1-0"]
[WhiteElo "1971"]
[BlackElo "2294"]
[PlyCount "63"]
[EventDate "2022.05.26"]
[EventType "swiss (blitz)"]
[EventRounds "14"]
[EventCountry "USA"]
[SourceTitle "CBM 208 Extra"]
[Source "ChessBase"]
[SourceDate "2022.07.31"]
[SourceVersion "1"]
[SourceVersionDate "2022.07.31"]
[SourceQuality "1"]

1. e4 c5 2. c3 Nf6 3. e5 Nd5 4. Nf3 d6 5. d4 cxd4 6. cxd4 Nc6 7. Bc4 e6 8. 0-0 Be7 9. Qe2 0-0 10. Rd1 Bd7 11. Bd2 Rc8 12. Nc3 Nxc3 13. Bxc3 d5 14. Bd3 Nb4 15. Bb1 Qb6 16. a3 Nc6 17. Qd3 g6 18. Qe3 Qb3 19. Ba2 Qc2 20. Rac1 Qf5 21. Bb1 Qh5 22. h3 b5 23. Kh2 Kg7 24. Bd2 g5 25. Nxg5 Bxg5 26. Qxg5+ Qxg5 27. Bxg5 b4 28. Bf6+ Kg8 29. Rd3 Rfe8 30. Rg3+ Kf8 31. Bxh7 Re7 32. Rg8# 1-0

[Event "Speed Chess (Women) Q1"]
[Site "Chess.com INT"]
[Date "2022.05.25"]
[Round "2"]
[White "Ciuksyte, Dagne"]
[Black "Maltsevskaya, Aleksandra"]
[Result "1-0"]
[WhiteElo "2294"]
[BlackElo "2396"]
[PlyCount "81"]
[EventDate "2022.05.24"]
[EventType "swiss (blitz)"]
[EventRounds "14"]
[EventCountry "USA"]
[SourceTitle "CBM 208 Extra"]
[Source "ChessBase"]
[SourceDate "2022.07.31"]
[SourceVersion "1"]
[SourceVersionDate "2022.07.31"]
[SourceQuality "1"]

1. e4 c5 2. Nf3 e6 3. d4 cxd4 4. Nxd4 Nf6 5. Nc3 Nc6 6. Ndb5 Bc5 7. Be2 0-0 8. 0-0 d5 9. exd5 exd5 10. Bg5 Be6 11. a4 a6 12. Na3 Re8 13. Bf3 Nd4 14. Re1 h6 15. Bh4 Nf5 16. Bg3 Nxg3 17. hxg3 Qb6 18. Qd2 Rad8 19. a5 Qc7 20. Ne2 Bg4 21. Nd4 Bxf3 22. gxf3 Qc8 23. Kg2 Rxe1 24. Rxe1 Re8 25. Rxe8+ Qxe8 26. c3 Bxa3 27. bxa3 Qa4 28. Nf5 Qxa5 29. Qf4 Qd8 30. Qe5 b5 31. g4 a5 32. f4 Kh7 33. g5 hxg5 34. fxg5 Nh5 35. f4 g6 36. Nd6 Qd7 37. f5 gxf5 38. Nxf5 b4 39. Kf3 bxc3 40. Kg4 Ng7 41. Qxg7# 1-0

[Event "Speed Chess (Women) Q1"]
[Site "Chess.com INT"]
[Date "2022.05.25"]
[Round "5"]
[White "Divya, Deshmukh"]
[Black "Ciuksyte, Dagne"]
[Result "0-1"]
[WhiteElo "2317"]
[BlackElo "2294"]
[PlyCount "64"]
[EventDate "2022.05.24"]
[EventType "swiss (blitz)"]
[EventRounds "14"]
[EventCountry "USA"]
[SourceTitle "CBM 208 Extra"]
[Source "ChessBase"]
[SourceDate "2022.07.31"]
[SourceVersion "1"]
[SourceVersionDate "2022.07.31"]
[SourceQuality "1"]

1. e4 c5 2. Nf3 e6 3. d4 cxd4 4. Nxd4 a6 5. Bd3 Bc5 6. Nb3 Be7 7. 0-0 d6 8. c4 Nf6 9. Nc3 b6 10. Be3 Bb7 11. Qe2 Nbd7 12. f4 0-0 13. Rad1 Qc7 14. g4 g6 15. g5 Nh5 16. Qf2 Rac8 17. Be2 Ng7 18. h4 Nc5 19. Nd2 d5 20. cxd5 exd5 21. exd5 Nf5 22. Bg4 Nd3 23. Qe2 Nxb2 24. Rc1 Nxe3 25. Bxc8 Qxc8 26. Nce4 Qh3 27. Rf3 Qg4+ 28. Kf2 Nxd5 29. Nf1 Nxf4 30. Qxb2 Qg2+ 31. Ke3 Nd5+ 32. Kd3 Qxb2 0-1

[Event "Speed Chess (Women) Q1"]
[Site "Chess.com INT"]
[Date "2022.05.25"]
[Round "8"]
[White "Mammadova, Gulnar Marfat Qizi"]
[Black "Ciuksyte, Dagne"]
[Result "1-0"]
[WhiteElo "2387"]
[BlackElo "2294"]
[PlyCount "47"]
[EventDate "2022.05.24"]
[EventType "swiss (blitz)"]
[EventRounds "14"]
[EventCountry "USA"]
[SourceTitle "CBM 208 Extra"]
[Source "ChessBase"]
[SourceDate "2022.07.31"]
[SourceVersion "1"]
[SourceVersionDate "2022.07.31"]
[SourceQuality "1"]

1. e4 c5 2. Nf3 e6 3. b3 Nc6 4. Bb2 d6 5. d4 cxd4 6. Nxd4 Nf6 7. Bd3 Be7 8. c4 0-0 9. 0-0 Ne5 10. Bc2 Qc7 11. Nd2 a6 12. h3 Rb8 13. a4 Bd7 14. Rc1 a5 15. f4 Nc6 16. Nb5 Qb6+ 17. Kh1 Qc5 18. Qe2 Nh5 19. Kh2 Bf6 20. e5 dxe5 21. Ne4 Qe7 22. Qxh5 exf4 23. Nxf6+ gxf6 24. Qxh7# 1-0

[Event "Speed Chess (Women) Q1"]
[Site "Chess.com INT"]
[Date "2022.05.25"]
[Round "10"]
[White "Yan, Rui Yang"]
[Black "Ciuksyte, Dagne"]
[Result "1-0"]
[WhiteElo "2281"]
[BlackElo "2294"]
[PlyCount "45"]
[EventDate "2022.05.24"]
[EventType "swiss (blitz)"]
[EventRounds "14"]
[EventCountry "USA"]
[SourceTitle "CBM 208 Extra"]
[Source "ChessBase"]
[SourceDate "2022.07.31"]
[SourceVersion "1"]
[SourceVersionDate "2022.07.31"]
[SourceQuality "1"]

1. e4 c5 2. Nf3 e6 3. d4 cxd4 4. Nxd4 a6 5. c4 Nf6 6. Nc3 Qc7 7. a3 b6 8. Be2 Bb7 9. f3 Bd6 10. g3 0-0 11. Be3 Be7 12. 0-0 d5 13. cxd5 exd5 14. Rc1 dxe4 15. Nxe4 Qe5 16. Bf4 Qh5 17. g4 Qg6 18. Nf5 Bc5+ 19. Nxc5 Re8 20. Nxb7 h5 21. h3 Nbd7 22. Nbd6 Re6 23. Bc4 1-0

[Event "Online Olym Div Top-C"]
[Site "Chess.com INT"]
[Date "2020.08.22"]
[Round "4.4"]
[White "Ciuksyte, Dagne"]
[Black "Mayar ElIdrissi, Firdaous"]
[Result "1-0"]
[WhiteElo "2295"]
[BlackElo "1760"]
[PlyCount "51"]
[EventDate "2020.08.21"]
[EventType "team-tourn (rapid)"]
[EventRounds "9"]
[EventCountry "USA"]
[SourceTitle "CBM 198"]
[Source "ChessBase"]
[SourceDate "2020.10.31"]
[SourceVersion "1"]
[SourceVersionDate "2020.10.31"]
[SourceQuality "1"]
[WhiteTeam "England"]
[BlackTeam "Morocco"]
[WhiteTeamCountry "ENG"]
[BlackTeamCountry "MAR"]

1. e4 c6 2. d4 d5 3. Nd2 dxe4 4. Nxe4 Bf5 5. Ng3 Bg6 6. Bc4 e6 7. N1e2 Nf6 8. Nf4 Bd6 9. c3 Nbd7 10. h4 Qe7 11. h5 Be4 12. 0-0 Bd5 13. Bd3 b5 14. b3 Nb6 15. a4 Qc7 16. Nfe2 e5 17. Bg5 bxa4 18. c4 Be6 19. c5 Bxb3 20. Qc1 exd4 21. cxd6 Qxd6 22. Nf5 Qe5 23. Re1 0-0 24. Nexd4 Qa5 25. Bxf6 gxf6 26. Qh6 1-0

[Event "Online Olym Div2 E"]
[Site "Chess.com INT"]
[Date "2020.08.16"]
[Round "9.4"]
[White "Ramirez Gonzalez, Maria Jose"]
[Black "Ciuksyte, Dagne"]
[Result "0-1"]
[WhiteElo "1794"]
[BlackElo "2295"]
[PlyCount "84"]
[EventDate "2020.08.14"]
[EventType "team-tourn (rapid)"]
[EventRounds "9"]
[EventCountry "USA"]
[SourceTitle "CBM 198"]
[Source "ChessBase"]
[SourceDate "2020.10.31"]
[SourceVersion "1"]
[SourceVersionDate "2020.10.31"]
[SourceQuality "1"]
[WhiteTeam "Costa Rica"]
[BlackTeam "England"]
[WhiteTeamCountry "CRI"]
[BlackTeamCountry "ENG"]

1. d4 Nf6 2. Nc3 d5 3. Bg5 Bf5 4. e3 e6 5. Bd3 c6 6. Bxf5 exf5 7. Qd3 g6 8. Nf3 Nbd7 9. 0-0 Bg7 10. Ne5 0-0 11. Ne2 Re8 12. Nxd7 Qxd7 13. Bxf6 Bxf6 14. c4 dxc4 15. Qxc4 Rad8 16. Rfd1 Kg7 17. Rac1 h5 18. b4 h4 19. h3 Be7 20. Nc3 Qd6 21. b5 Rc8 22. Qa4 Bd8 23. bxc6 bxc6 24. d5 Bc7 25. Qd4+ f6 26. Qxh4 Qh2+ 27. Kf1 f4 28. e4 Qh1+ 29. Ke2 Qxg2 30. dxc6 Rxe4+ 31. Nxe4 Qxe4+ 32. Kf1 Qh1+ 33. Ke2 Qe4+ 34. Kf1 Qh1+ 35. Ke2 Re8+ 36. Kd2 Ba5+ 37. Kc2 Qxc6+ 38. Kd3 Qd5+ 39. Kc2 Qc4+ 40. Kb1 Rb8+ 41. Ka1 Bc3+ 42. Rxc3 Qxc3# 0-1

[Event "BCF-chTb 1920 (4NCL)"]
[Site "Daventry"]
[Date "2020.02.29"]
[Round "1.66"]
[White "Ledger, Dave J"]
[Black "Ciuksyte, Dagne"]
[Result "0-1"]
[WhiteElo "2126"]
[BlackElo "2295"]
[PlyCount "70"]
[EventDate "2019.11.09"]
[EventType "team-tourn"]
[EventRounds "11"]
[EventCountry "ENG"]
[SourceTitle "CBM 195 Extra"]
[Source "ChessBase"]
[SourceDate "2020.05.31"]
[SourceVersion "1"]
[SourceVersionDate "2020.05.31"]
[SourceQuality "1"]
[WhiteTeam "Blackthorne Russia"]
[BlackTeam "Guildford II"]
[WhiteTeamCountry "ENG"]
[BlackTeamCountry "ENG"]

1. e4 c5 2. Nf3 e6 3. d4 cxd4 4. Nxd4 a6 5. c4 Nf6 6. Nc3 Qc7 7. Be2 b6 8. f4 Bb4 9. Qd3 Bb7 10. e5 Ne4 11. 0-0 Bxc3 12. bxc3 d6 13. exd6 Qxd6 14. Bf3 f5 15. a4 Nd7 16. Ba3 Ndc5 17. Qe3 0-0 18. a5 e5 19. fxe5 Qxe5 20. Rab1 Rad8 21. Rxb6 Rf7 22. Rfb1 f4 23. Qe2 Rxd4 24. cxd4 Qxd4+ 25. Kf1 Nd2+ 26. Qxd2 Qxd2 27. Bxc5 Rc7 28. Rxb7 Rxc5 29. Rd1 Qxa5 30. Rdd7 Qa1+ 31. Kf2 Rc8 32. Bd5+ Kh8 33. c5 Qd4+ 34. Kf1 Qxc5 35. Rbc7 Qxc7 0-1

[Event "BCF-chTb 1920 (4NCL)"]
[Site "Daventry"]
[Date "2020.01.11"]
[Round "3.66"]
[White "Eggleston, David"]
[Black "Ciuksyte, Dagne"]
[Result "1-0"]
[WhiteElo "2396"]
[BlackElo "2295"]
[PlyCount "91"]
[EventDate "2019.11.09"]
[EventType "team-tourn"]
[EventRounds "11"]
[EventCountry "ENG"]
[SourceTitle "CBM 194 Extra"]
[Source "ChessBase"]
[SourceDate "2020.03.31"]
[SourceVersion "1"]
[SourceVersionDate "2020.03.31"]
[SourceQuality "1"]
[WhiteTeam "Cheddleton"]
[BlackTeam "Guildford II"]
[WhiteTeamCountry "ENG"]
[BlackTeamCountry "ENG"]

1. e4 c5 2. Nf3 e6 3. d4 cxd4 4. Nxd4 a6 5. Nc3 Qc7 6. Bd3 Nf6 7. 0-0 Be7 8. Be3 0-0 9. f4 d6 10. Qf3 Nc6 11. Rae1 Bd7 12. f5 Ne5 13. Qh3 Neg4 14. Kh1 Nxe3 15. Rxe3 e5 16. Nde2 Bc6 17. a4 b5 18. axb5 axb5 19. b4 Rfd8 20. Ng3 Qb6 21. Ref3 Qd4 22. Bxb5 Bxb5 23. Nxb5 Qxb4 24. Nc3 Rdc8 25. Nh5 Kh8 26. Nxf6 Bxf6 27. Nd5 Qxe4 28. Nxf6 gxf6 29. Qh6 Rg8 30. Qxf6+ Rg7 31. Rg3 Rag8 32. Ra1 Qc6 33. c4 Qc8 34. c5 Qd8 35. Qxd6 Qxd6 36. cxd6 Rxg3 37. hxg3 Kg7 38. Rd1 Kf6 39. g4 h5 40. d7 Rd8 41. gxh5 Kxf5 42. Rd6 e4 43. Kg1 Ke5 44. Rd1 f5 45. g3 Kf6 46. h6 1-0

[Event "BCF-chT2 1819 (4NCL) Demotion"]
[Site "England"]
[Date "2019.05.06"]
[Round "11.65"]
[White "Mason, Donald"]
[Black "Ciuksyte, Dagne"]
[Result "1/2-1/2"]
[WhiteElo "2065"]
[BlackElo "2299"]
[PlyCount "63"]
[EventDate "2018.11.10"]
[EventType "team-tourn"]
[EventRounds "11"]
[EventCountry "ENG"]
[SourceTitle "EXT 2021"]
[Source "ChessBase"]
[SourceDate "2020.10.23"]
[SourceVersion "1"]
[SourceVersionDate "2020.10.23"]
[SourceQuality "1"]
[WhiteTeam "Warwicks Select"]
[BlackTeam "Guildford III"]
[WhiteTeamCountry "ENG"]
[BlackTeamCountry "ENG"]

1. e4 c5 2. Nf3 e6 3. d4 cxd4 4. Nxd4 a6 5. Nc3 b5 6. Bd3 Qb6 7. Nf3 Nc6 8. 0-0 d6 9. Qe2 Nf6 10. Bd2 Be7 11. a4 b4 12. a5 Nxa5 13. Na4 Qb7 14. Nc5 dxc5 15. Rxa5 c4 16. Bxc4 Nxe4 17. Rfa1 Nxd2 18. Nxd2 0-0 19. Bd3 Bd7 20. Rh5 g6 21. Rh3 Bc6 22. Nc4 Bd5 23. Na5 Qc7 24. Qe3 f5 25. Nb3 Bf6 26. Qh6 Qg7 27. Qf4 Bxb2 28. Ra2 Bc3 29. Ra5 Qb7 30. Bc4 Bxg2 31. Bxe6+ Kh8 32. Rd3 1/2-1/2

[Event "BCF-chTb 1819 (4NCL)"]
[Site "Daventry"]
[Date "2019.01.12"]
[Round "3.58"]
[White "Jaracz, Barbara"]
[Black "Ciuksyte, Dagne"]
[Result "0-1"]
[WhiteElo "2230"]
[BlackElo "2297"]
[PlyCount "70"]
[EventDate "2018.11.10"]
[EventType "team-tourn"]
[EventRounds "11"]
[EventCountry "ENG"]
[SourceTitle "CBM 188 Extra"]
[Source "ChessBase"]
[SourceDate "2019.02.26"]
[SourceVersion "1"]
[SourceVersionDate "2019.02.26"]
[SourceQuality "1"]
[WhiteTeam "Manx Liberty"]
[BlackTeam "Guildford II"]
[WhiteTeamCountry "ENG"]
[BlackTeamCountry "ENG"]

1. e4 c5 2. Nf3 e6 3. d4 cxd4 4. Nxd4 a6 5. Bd3 Nf6 6. 0-0 d6 7. c4 Be7 8. Nc3 b6 9. f4 Bb7 10. Qe2 0-0 11. Bd2 Nbd7 12. Kh1 Qc7 13. Rae1 Rad8 14. Nf3 Nc5 15. Bc2 g6 16. Ng5 Rfe8 17. e5 Nh5 18. Nxh7 Kg7 19. f5 exf5 20. Rxf5 dxe5 21. Rxe5 Ng3+ 22. hxg3 Rh8 23. Bf4 Rxh7+ 24. Kg1 Bd6 25. b4 Nd7 26. Re7 Bxf4 27. Rxf7+ Kxf7 28. Qe7+ Kg8 29. Qe6+ Kf8 30. Rf1 Rf7 31. Bxg6 Rf6 32. Qh3 Be3+ 33. Kh2 Rxf1 34. Qh8+ Ke7 35. Qg7+ Kd6 0-1

[Event "Olympiad Women-43"]
[Site "Batumi"]
[Date "2018.09.30"]
[Round "6.14"]
[White "Fernandez, Maria Florencia"]
[Black "Ciuksyte, Dagne"]
[Result "1-0"]
[WhiteElo "2219"]
[BlackElo "2308"]
[PlyCount "103"]
[EventDate "2018.09.24"]
[EventType "team-swiss"]
[EventRounds "11"]
[EventCountry "GEO"]
[SourceTitle "EXT 2020"]
[Source "ChessBase"]
[SourceDate "2019.10.17"]
[SourceVersion "1"]
[SourceVersionDate "2019.10.17"]
[SourceQuality "1"]
[WhiteTeam "Argentina (W)"]
[BlackTeam "England (W)"]
[WhiteTeamCountry "ARG"]
[BlackTeamCountry "ENG"]

1. d4 f5 2. c4 Nf6 3. Nc3 e6 4. Nf3 Bb4 5. Qc2 b6 6. a3 Bxc3+ 7. Qxc3 Bb7 8. g3 0-0 9. Bg2 d6 10. 0-0 Qe8 11. b4 Nbd7 12. Bb2 Qh5 13. d5 e5 14. Qc2 Rae8 15. Bc1 f4 16. gxf4 Ng4 17. h3 Nh6 18. Ng5 Nf5 19. Bf3 Qh4 20. Bg4 Nd4 21. Qd3 Nf6 22. Be6+ Nxe6 23. Nxe6 Rxe6 24. dxe6 exf4 25. Qf5 f3 26. exf3 g6 27. Qf4 Qxh3 28. e7 Re8 29. Qg3 Qh5 30. Bg5 Bxf3 31. Qh4 Qxh4 32. Bxh4 Ne4 33. Rfe1 g5 34. Re3 g4 35. Rae1 Nd2 36. Rd3 Nxc4 37. Rc3 Bd5 38. Rd1 Be6 39. Kg2 a6 40. Kg3 Kf7 41. Rd4 d5 42. Rf4+ Kg7 43. f3 h5 44. fxg4 hxg4 45. Rc2 c5 46. Rcf2 Nd6 47. Rf8 Bd7 48. Rxe8 Nxe8 49. Kf4 c4 50. Ke5 Bc6 51. Rg2 Kg6 52. Rxg4+ 1-0

[Event "Olympiad Women-43"]
[Site "Batumi"]
[Date "2018.09.26"]
[Round "3.2"]
[White "Ciuksyte, Dagne"]
[Black "Balajayeva, Khanim Asad Qizi"]
[Result "0-1"]
[WhiteElo "2308"]
[BlackElo "2326"]
[PlyCount "132"]
[EventDate "2018.09.24"]
[EventType "team-swiss"]
[EventRounds "11"]
[EventCountry "GEO"]
[SourceTitle "EXT 2020"]
[Source "ChessBase"]
[SourceDate "2019.10.17"]
[SourceVersion "1"]
[SourceVersionDate "2019.10.17"]
[SourceQuality "1"]
[WhiteTeam "England (W)"]
[BlackTeam "Azerbaijan (W)"]
[WhiteTeamCountry "ENG"]
[BlackTeamCountry "AZE"]

1. e4 e5 2. Nf3 Nc6 3. Bb5 a6 4. Ba4 Nf6 5. 0-0 Be7 6. Re1 b5 7. Bb3 d6 8. c3 0-0 9. h3 Bb7 10. d4 Re8 11. Ng5 Rf8 12. Nf3 Re8 13. Nbd2 Bf8 14. a3 h6 15. Ba2 Nb8 16. d5 c6 17. dxc6 Bxc6 18. b4 Nbd7 19. Bb2 Nb6 20. Rc1 Rc8 21. c4 bxc4 22. Nxc4 Bxe4 23. Nfxe5 Bd5 24. Nxb6 Rxc1 25. Qxc1 Bxa2 26. Nec4 Rxe1+ 27. Qxe1 d5 28. Qd2 Ne4 29. Qd4 Qh4 30. Nd2 Qf4 31. Nf3 Qf5 32. Ne1 Ng5 33. Nd3 Ne6 34. Qe3 Be7 35. Be5 Bg5 36. f4 Bd8 37. Na4 f6 38. Bd6 d4 39. Qd2 Bd5 40. Nac5 Nxc5 41. Nxc5 Qb1+ 42. Kh2 Qf1 43. f5 Bb6 44. Nd7 d3 45. Nxb6 Bxg2 46. Nc4 Bd5 47. Nb2 Qh1+ 48. Kg3 Qg1+ 49. Kh4 Be4 50. Qf4 Qe1+ 51. Kh5 Qe2+ 52. Kh4 d2 53. Qg4 Bf3 54. Qd4 Qe1+ 55. Bg3 Qe8 56. Bf4 Qh5+ 57. Kg3 d1Q 58. Nxd1 Bxd1 59. Qd5+ Kh7 60. a4 Bxa4 61. Be3 Bc2 62. Qc4 Bxf5 63. Qxa6 Qxh3+ 64. Kf2 Be4 65. Qa7 Qf3+ 66. Ke1 Bd3 0-1

[Event "Olympiad Women-43"]
[Site "Batumi"]
[Date "2018.09.25"]
[Round "2.15"]
[White "Roy, Ali"]
[Black "Ciuksyte, Dagne"]
[Result "0-1"]
[WhiteElo "1923"]
[BlackElo "2308"]
[PlyCount "70"]
[EventDate "2018.09.24"]
[EventType "team-swiss"]
[EventRounds "11"]
[EventCountry "GEO"]
[SourceTitle "EXT 2020"]
[Source "ChessBase"]
[SourceDate "2019.10.17"]
[SourceVersion "1"]
[SourceVersionDate "2019.10.17"]
[SourceQuality "1"]
[WhiteTeam "Scotland (W)"]
[BlackTeam "England (W)"]
[WhiteTeamCountry "SCO"]
[BlackTeamCountry "ENG"]

1. Nf3 Nf6 2. g3 d5 3. Bg2 c6 4. 0-0 Bf5 5. d3 h6 6. Nbd2 e6 7. Qe1 Be7 8. e4 Bh7 9. e5 Nfd7 10. h4 0-0 11. Nh2 c5 12. Ndf3 Nc6 13. Qe2 b5 14. h5 c4 15. Bf4 Qb6 16. Ng4 cxd3 17. cxd3 Nb4 18. Rfd1 Rfc8 19. Ne1 Bf8 20. a3 Nc6 21. Nf3 b4 22. Be3 Qb8 23. Bd4 Nc5 24. Bxc5 Bxc5 25. d4 Bf8 26. Bf1 bxa3 27. bxa3 Qb3 28. Qe3 Na5 29. Bd3 Rc3 30. Rdb1 Rxd3 31. Rxb3 Nxb3 32. Qe1 Nxa1 33. Qxa1 Rxf3 34. a4 Rb8 35. Kh2 Be4 0-1

[Event "Olympiad Women-43"]
[Site "Batumi"]
[Date "2018.09.24"]
[Round "1.24"]
[White "Ciuksyte, Dagne"]
[Black "Miller, Rachel"]
[Result "1-0"]
[WhiteElo "2308"]
[BlackElo "1859"]
[PlyCount "79"]
[EventDate "2018.09.24"]
[EventType "team-swiss"]
[EventRounds "11"]
[EventCountry "GEO"]
[SourceTitle "EXT 2020"]
[Source "ChessBase"]
[SourceDate "2019.10.17"]
[SourceVersion "1"]
[SourceVersionDate "2019.10.17"]
[SourceQuality "1"]
[WhiteTeam "England (W)"]
[BlackTeam "Jamaica (W)"]
[WhiteTeamCountry "ENG"]
[BlackTeamCountry "JAM"]

1. e4 e5 2. Nf3 Nc6 3. Bb5 a6 4. Ba4 Nf6 5. 0-0 b5 6. Bb3 Be7 7. Re1 0-0 8. h3 d6 9. c3 Na5 10. Bc2 c5 11. d4 Qc7 12. Nbd2 Nc6 13. d5 Nd8 14. b3 Ne8 15. Nf1 f6 16. a4 Rb8 17. Ne3 g6 18. g4 Nf7 19. Kh2 Ng7 20. Rg1 Bd7 21. h4 Kh8 22. Rg3 Rg8 23. Bd2 Rbf8 24. Qe2 Qc8 25. Rag1 f5 26. exf5 gxf5 27. gxf5 Nh6 28. axb5 axb5 29. Ng5 Ngxf5 30. Nxf5 Bxf5 31. Ne6 Rxg3 32. Rxg3 Bxh4 33. Bxh6 Bxg3+ 34. fxg3 Bxc2 35. Bxf8 Bf5 36. Bxd6 Bxe6 37. Qxe5+ Kg8 38. dxe6 c4 39. Qg5+ Kh8 40. Be5# 1-0

[Event "EU-chT (Women) 21st"]
[Site "Heraklion"]
[Date "2017.11.01"]
[Round "5.2"]
[White "Borosova, Zuzana"]
[Black "Ciuksyte, Dagne"]
[Result "1-0"]
[WhiteElo "2290"]
[BlackElo "2318"]
[PlyCount "47"]
[EventDate "2017.10.28"]
[EventType "team-swiss"]
[EventRounds "9"]
[EventCountry "GRE"]
[SourceTitle "CBM 181 Extra"]
[Source "ChessBase"]
[SourceDate "2017.12.12"]
[SourceVersion "1"]
[SourceVersionDate "2017.12.12"]
[SourceQuality "1"]
[WhiteTeam "Slovakia (W)"]
[BlackTeam "England (W)"]
[WhiteTeamCountry "SVK"]
[BlackTeamCountry "ENG"]

1. e4 c5 2. Nf3 d6 3. d4 cxd4 4. Nxd4 Nf6 5. Nc3 g6 6. Be3 Bg7 7. f3 0-0 8. Qd2 Nc6 9. Bc4 Bd7 10. 0-0-0 Rc8 11. Bb3 Ne5 12. Kb1 a6 13. h4 h5 14. g4 hxg4 15. h5 Nxh5 16. Bh6 e6 17. Rdg1 Qf6 18. Bxg7 Kxg7 19. Nce2 Nxf3 20. Nxf3 gxf3 21. Ng3 Rh8 22. Nxh5+ Rxh5 23. Rxh5 f2 24. Qh6+ 1-0

[Event "BCF-chT1b 1617 (4NCL)"]
[Site "England"]
[Date "2017.01.15"]
[Round "4.58"]
[White "Varney, Zoe"]
[Black "Ciuksyte, Dagne"]
[Result "1/2-1/2"]
[WhiteElo "1996"]
[BlackElo "2318"]
[PlyCount "92"]
[EventDate "2016.11.19"]
[EventType "team-tourn"]
[EventRounds "7"]
[EventCountry "ENG"]
[SourceTitle "EXT 2018"]
[Source "ChessBase"]
[SourceDate "2017.10.13"]
[SourceVersion "1"]
[SourceVersionDate "2017.10.13"]
[SourceQuality "1"]
[WhiteTeam "Oxford"]
[BlackTeam "Guildford"]
[WhiteTeamCountry "ENG"]
[BlackTeamCountry "ENG"]

1. e4 c5 2. c3 d5 3. exd5 Qxd5 4. d4 e6 5. Nf3 Nf6 6. Be3 cxd4 7. cxd4 Be7 8. Nc3 Qd8 9. Bd3 0-0 10. 0-0 b6 11. Ng5 Bb7 12. Qc2 h6 13. Nh7 Re8 14. Nxf6+ Bxf6 15. Rfd1 Nc6 16. Bh7+ Kh8 17. Be4 Nb4 18. Qd2 Nd5 19. Bxd5 Bxd5 20. Bxh6 Re7 21. Bg5 Rd7 22. Bxf6 Qxf6 23. Qe3 Rad8 24. Rd2 a6 25. Rad1 b5 26. b3 Bc6 27. Rd3 Qf5 28. Qh3+ Qxh3 29. Rxh3+ Kg8 30. Rhd3 b4 31. Ne2 e5 32. Re3 f6 33. f4 exf4 34. Nxf4 Rxd4 35. Red3 Rxd3 36. Rxd3 Rxd3 37. Nxd3 a5 38. Nc5 Kf7 39. Kf2 Ke7 40. g3 Kd6 41. Nd3 Ke6 42. Ke3 Kd5 43. Nf4+ Ke5 44. Nd3+ Kf5 45. Nf2 Ke5 46. Nd3+ Kf5 1/2-1/2

[Event "Olympiad Women-42"]
[Site "Baku"]
[Date "2016.09.03"]
[Round "2.26"]
[White "Haast, Anne"]
[Black "Ciuksyte, Dagne"]
[Result "1/2-1/2"]
[WhiteElo "2306"]
[BlackElo "2323"]
[PlyCount "40"]
[EventDate "2016.09.02"]
[EventType "team-swiss"]
[EventRounds "11"]
[EventCountry "AZE"]
[SourceTitle "CBM 174 Extra"]
[Source "ChessBase"]
[SourceDate "2016.10.10"]
[SourceVersion "1"]
[SourceVersionDate "2016.10.10"]
[SourceQuality "1"]
[WhiteTeam "Netherlands (W)"]
[BlackTeam "England (W)"]
[WhiteTeamCountry "NED"]
[BlackTeamCountry "ENG"]

1. e4 e5 2. Nf3 Nc6 3. Bc4 Bc5 4. c3 Nf6 5. d3 d6 6. Bb3 0-0 7. Nbd2 a6 8. h3 d5 9. 0-0 dxe4 10. Nxe4 Nxe4 11. dxe4 Qf6 12. Qe2 Be6 13. Bd5 Nd8 14. b4 Bd6 15. Rd1 h6 16. Bb2 Qg6 17. Nh4 Qg5 18. Nf3 Qg6 19. Nh4 Qg5 20. Nf3 Qg6 1/2-1/2